000 00411nam a2200145Ia 4500
008 100204s9999 xx 000 0 und d
082 _b14944
100 _aतुपे उत्तम बंडू
245 _aशेवती
260 _b"शशीदीप प्रकाशन , पुणे"
_c1991
300 _a146
630 _aशेवती
730 _aशेवती
942 _cBOOK
999 _c459375
_d459372